South American Geography by Letter - G - Statistics

General Stats
  • This quiz has been taken 55 times
    35 since last reset
  • The average score is 7 of 20
Answer Stats
Clue Answer % Correct
Country bordering Suriname, Venezuela, and Brazil Guyana
100%
Capital of the above country Georgetown
87%
An Argentine Marxist revolutionary, physician, writer, guerrilla leader, diplomat, and military theorist Che Guevara
74%
There are a lot of these icy masses in Patagonia Glaciers
58%
This expensive metal is Peru's second main export Gold
58%
Known for their specialized toe pads, these tiny lizards are abundant all across South America Gecko
52%
Second largest city in Ecuador Guayaquil
52%
One of Paraguay's official languages Guaraní
42%
Fruit known as goiaba in Brazil Guava
32%
Capital of the above state, with a population of 1,536,097 Goiânia
29%
Most common surname in South America González
26%
A deep inlet of the sea almost surrounded by land, with a narrow mouth, some examples are Darién, Peñas, and Paria Gulf
23%
Name one of the top three names for boys and girls in South America Gabriel|Geovanny|Gian|Geovanna|Gabriela|Geraldine
19%
With 7.2 million inhabitants, this Brazilian state is the most populous state in the Center-West and the 11th most populous in the country. Goiás
6%
A peninsula in northern Colombia and northwestern Venezuela in the Caribbean. It is the northernmost peninsula in South America and has an area of 25,000 km2 Guajira Peninsula
6%
A perennial waterfall with two drops located in Peru's province of Bongara in Amazonas Gocta Waterfall
3%
Venezuelan avacado sauce Guasacaca
3%
A Colombian island in the Pacific Ocean situated about 28 km (17 mi) off the Colombian Pacific coast Gorgona Island
0%
A river of north-eastern Venezuela Guarapiche River
0%
A lake of the lake region of northern Patagonia in the province of Río Negro, in Argentina Gutiérrez Lake
0%
No matching quizzes found
Score Distribution
Percent of People with Each Score
Percentile by Number Answered
Your Score History
You have not taken this quiz since the last reset